01188 a2200217 4500003000500000005001700005010001700022020002800039020003100067035002000098035002300118040000900141082001400150100002400164245009900188260005300287300003500340505046900375650003500844856009100879Nust20220721120715.0 a 2006047731 a0849382149 (alk. paper) a9780849382147 (alk. paper) a(OCoLC)69672094 a(OCoLC)ocm69672094 cNust00a004.6.HUS1 aHussain, Syed Asad.10aActive and programmable networks for adaptive architectures and services /cSyed Asad Hussain. aBoca Raton, FL :bAuerbach Publications,cc2007. axvii, 329 p. :bill. ;c25 cm. aIntroduction (Page-1), Architecture of Active and Programmable Networks (Page-35), Enabling Technologies for Network Programmability (Page-59), Active and Programmable Network Paradigms and Protoypes (Page-97), Packet Scheduling for Active and Programmable Networks (Page-145), Active Network Management (Page-175), Active and Programmable Routing (Page-199), Active Wireless and Mobile Networks (Page-227), Security in Active and Programmable Networks (Page-267). 0aComputer networksxManagement.423Publisher descriptionuhttp://www.loc.gov/catdir/enhancements/fy0661/2006047731-d.html